000 00370nam a2200133Ia 4500
005 20260326100043.0
008 260326s9999||||xx |||||||||||||| ||und||
100 _aCrosbie, Michael J.
245 0 _aHouses of God :
_b Religious Architecture for a new millenium /
_cMichael J. Crosbie
260 _bImages
300 _a191 p.
650 _aARQUITECTURA CIVIL
942 _cBK
999 _c7070
_d7070